Monitorovanie spokojnosti zákazníkov ako kľúčový faktor úspešnosti podniku

Spokojnosť zákazníkov. Meranie a monitorovanie spokojnosti zákazníkov. Dôležitosť monitorovania spokojnosti. Výsledky monitorovania zákazníckej spokojnosti pomáhajú predpovedať budúce výsledky podnikania.

Enregistré dans:
Détails bibliographiques
Auteur principal: Súkeníková, Katarína
Format: Chapitre de livre
Langue:slovaque
Sujets:
Tags: Ajouter un tag
Pas de tags, Soyez le premier à ajouter un tag!

MARC

LEADER 00000nla a2200000 4500
001 0240512
005 20240502073917.4
041 0 |a slo 
044 |a SK 
245 1 0 |a Monitorovanie spokojnosti zákazníkov ako kľúčový faktor úspešnosti podniku  |c Katarína Súkeníková 
520 |a Spokojnosť zákazníkov. Meranie a monitorovanie spokojnosti zákazníkov. Dôležitosť monitorovania spokojnosti. Výsledky monitorovania zákazníckej spokojnosti pomáhajú predpovedať budúce výsledky podnikania. 
610 2 0 |a spokojnosť zákazníkov 
610 2 0 |a podnikanie 
610 2 0 |a rast podniku 
610 2 0 |a kooperácia 
610 2 0 |a prostredie podnikateľské 
100 1 |a Súkeníková, Katarína